000 01906nam a2200289Ia 4500
999 _c54133
_d54133
001 21188
003 GE_BSU
005 20210719173259.0
008 181216s ||||ge |||||||||||||| ||geo||
020 _a9789941132568
040 _cGE_BSU
041 _ageo
080 _a338.48(075.8) მ-30
100 _aმარგველაშვილი, მაია
_912291
245 _aტურიზმის ეკონომიკა :
_bსახელმძღვ. /
_cმაია მარგველაშვილი ; რედ. მალხაზ ჩიქობავა.
264 _aთბილისი :
_bთბილისის უნივერსიტეტის გამ-ბა,
_c2012.
300 _a337 გვ. :
_bილ. ;
_c23 სმ.
500 _aსახელმძღვანელო ეხება ტურიზმის ეკონომიკის საკითხებს, რომელთა ცოდნა აუცილებელია ტურიზმის სფეროში წარმატებული საქმიანობისათვის
504 _aგამოყენებული ლიტერატურა გვ. : 332-337
541 _h29ლ.76თ.
653 _aსახელმძღვანელო
653 _aტურიზმის ეკონომიკა
653 _aტურიზმის ეკონომიკა - სახელმძღვანელოები უმაღლესი სასწავლებლებისათვის
700 _aჩიქობავა, მალხაზ
_eრედაქტორი
_95051
710 _aივანე ჯავახიშვილის სახელობის თბილისის სახელმწიფო უნივერსიტეტი
_912292
942 _cBK
_2udc